000 00699 a2200253 4500
003 DLC
005 20260330101437.0
008 2023s2023 xx 000 0 eng d
020 _a9781071897096
040 _aDLC
_beng
050 4 _a RJ 131 .B47 2023
100 1 _aBerk, Laura E.
_eauthor.
245 1 0 _aInfants, Children, and Adolescents - International Student Edition
_cBerk, Laura E..
250 _a9th ed.
264 1 _bSAGE Publications, Incorporated
_c2023
300 _axxiv, 654p. ill.
336 _2CC
338 _2CC
650 0 _aChild development
650 0 _aDevelopmental psychology
650 0 _aChild psychology
650 0 _aAdolescent psychology
942 _2lcc
_cBK
999 _c44198
_d44198